Statistics for New York Jets Players

Click here to take the quiz!

General Stats

  • This quiz has been taken 403 times
  • The average score is 10 of 15

Answer Stats

HintAnswer% Correct
DeckerEric
90%
FolkNick
88%
VickMichael
87%
IvoryChris
84%
JohnsonChris
84%
PowellBilal
66%
SmithGeno
65%
KerleyJeremy
63%
RichardsonSheldon
61%
PaceCalvin
54%
QuigleyRyan
54%
WilkersonMuhammed
48%
HarrisDavid
46%
CumberlandJeff
44%
AllenAntonio
22%

Score Distribution

Percentile by Number Answered

Percent of People with Each Score

Your Score History

You have not taken this quiz